LEADER 01392nam a2200253 i 4500 001 000000242248 003 CaOOAMICUS 005 20260212142430.0 008 150601s1841 it u000 u ita u 013 $a221153 040 $aSeMil$bita 110 2 $aDiocesi di Como.$0(OLS)http://semarc/name/1858 245 10$aCompendio della dottrina cristiana ad uso della città e Diocesi di Como di cui per ordine di monsignor Vescovo Carlo Romanò debbono servirsi in avvenire i catechisti e maestri nelle classi della dottrina cristiana. 260 $aIn Como :$bpresso i figli di Carl'Antonio Ostinelli,$c1841. 300 $aXXII, 276 p. ;$c17 cm. 650 4$aCatechismo della Chiesa Cattolica.$0(OLS)http://semarc/subject/12084 700 1 $aRomanò, Carlo .$0(OLS)http://semarc/name/81916 850 $aSeMil 852 $aSeMil$W1$xVenegono$y1$m3F II 32 FA$j192594$B192594$CSeMilBibl$Z2$F203404 $8I 941 1 $a10 961 $aRecupero: Mantegazza 996 $6245$aCompendio della dottrina cristiana ad uso della città e Diocesi di Como di cui per ordine di monsignor Vescovo Carlo Romanò debbono servirsi in avvenire i catechisti e maestri nelle classi della dottrina cristiana$9(OLS)http://semarc/title/344045 996 $6260$aIn Como :$bpresso i figli di Carl'Antonio Ostinelli$9(OLS)http://semarc/publisher/54692 LEADER 01662nam a2200325 i 4500 001 000000190472 003 CaOOAMICUS 005 20260318140736.0 008 100617s2010 it u000 u eng u 013 $a168885 020 $a978-88-7653-183-5 040 $aSeMil$bita 100 1 $aBelli, Filippo.$0(OLS)http://semarc/name/69642 245 10$aArgumentation and use of scripture in Romans 9-11 /$cFilippo Belli ; preface of Jean-Noël Aletti. 260 $aRoma :$bGBP, Gregorian & Biblical Press,$c2010. 300 $a477 p. ;$c21 cm. 490 0 $aAnalecta Biblica : investigationes scientificae in res biblicas ;$v183 504 $aBibliography, p. 423-450 650 4$aBibbia. Nuovo Testamento. Lettera ai Romani - Commentari, studi, critica, interpretazioni.$0(OLS)http://semarc/subject/31 650 4$aBibbia. Nuovo Testamento. Lettera ai Romani, 9-11.$0(OLS)http://semarc/subject/35910 650 4$aBibbia. Nuovo Testamento. Lettera ai Romani - [Relazione con] Antico Testamento.$0(OLS)http://semarc/subject/35911 700 1 $aAletti, Jean-Noël,$c.$0(OLS)http://semarc/name/90332 830 0$aAnalecta biblica ;$v183.$0(OLS)http://semarc/title/6 850 $aSeMil 852 $aSeMil$W1$xVenegono$y1$m2HA G 183$j268638$B141091$CSeMilBibl$Z2$F152706 $81 961 $aSottoscrizione: Pontificio Istituto Biblico 996 $6020$a978-88-7653-183-5$9(OLS)http://semarc/number/181398 996 $6245$aArgumentation and use of scripture in Romans 9-11$9(OLS)http://semarc/title/274399 996 $6260$aRoma :$bGBP, Gregorian & Biblical Press$9(OLS)http://semarc/publisher/33573